000 00267nam a2200109 a 4500
005 20140414132043.0
008 110325s19uu xx 00 eng d
050 _aBB
_bH86 2009
100 _aAngeles, Alberta
245 _aSi Langgam at si Tipaklong.
999 _c113905
_d113905